书目信息 |
| 题名: |
滑坡防治技术理论探讨与工程实践
|
|
| 作者: | 商真平 , 魏玉虎 , 姚兰兰 编著 | |
| 分册: | ||
| 出版信息: | 郑州 黄河水利出版社 2009.07 |
|
| 页数: | 194页 | |
| 开本: | 26cm | |
| 丛书名: | ||
| 单 册: | ||
| 中图分类: | P642.22 | |
| 科图分类: | ||
| 主题词: | 滑坡--hua po--防治 | |
| 电子资源: | ||
| ISBN: | 978-7-80734-679-1 | |
| 000 | 01089nam0 2200277 450 | |
| 001 | 012010875351 | |
| 005 | 20100601135314.89 | |
| 010 | @a978-7-80734-679-1@dCNY29.00 | |
| 100 | @a20100601d2009 em y0chiy0120 ea | |
| 101 | 0 | @achi |
| 102 | @aCN@b410000 | |
| 105 | @aak a 000yy | |
| 106 | @ar | |
| 200 | 1 | @a滑坡防治技术理论探讨与工程实践@Ahua po fang zhi ji shu li lun tan tao yu gong cheng shi jian@f商真平 ... [等] 编著@Fshang zhen ping...[deng]bian zhu |
| 210 | @a郑州@c黄河水利出版社@d2009.07 | |
| 215 | @a194页@c图@d26cm | |
| 304 | @a题名页题 : 商真平, 魏玉虎, 姚兰兰, 甄习春, 张建良, 宋云力编著 | |
| 320 | @a有书目 (第194页) | |
| 330 | @a本书对滑坡地质灾害及防治进行了充分说明;以河南省信阳市新县新集镇向阳新村滑坡应急勘查治理工程为例,说明了滑坡勘查方法与采用的手段,设计依据、设计计算方法,防治方案比选与确定等。 | |
| 606 | 0 | @a滑坡@Ahua po@x防治 |
| 690 | @aP642.22@v4 | |
| 701 | 0 | @a商真平@Ashang zhen ping@4编著 |
| 701 | 0 | @a魏玉虎@Awei yu hu@4编著 |
| 701 | 0 | @a姚兰兰@Ayao lan lan@4编著 |
| 801 | 0 | @aCN@bQSSK@c20100601 |
| 905 | @b780600-02@dP642.22@eS191@f3 | |
| 滑坡防治技术理论探讨与工程实践/商真平 ... [等] 编著.-郑州:黄河水利出版社,2009.07 |
| 194页:图;26cm |
| ISBN 978-7-80734-679-1:CNY29.00 |
| 本书对滑坡地质灾害及防治进行了充分说明;以河南省信阳市新县新集镇向阳新村滑坡应急勘查治理工程为例,说明了滑坡勘查方法与采用的手段,设计依据、设计计算方法,防治方案比选与确定等。 |
| ● |
| 相关链接 |
|
|
|
正题名:滑坡防治技术理论探讨与工程实践
索取号:P642.22/S191
 
预约/预借
| 序号 | 登录号 | 条形码 | 馆藏地/架位号 | 状态 | 备注 |
| 1 | 780600 | 207806007 | 自科二线504/504自科库 47排4列1层/ [索取号:P642.22/S191] | 在馆 | |
| 2 | 780601 | 207806016 | 自科库401/401自科库 133排2列6层/ [索取号:P642.22/S191] | 在馆 | |
| 3 | 780602 | 207806025 | 期刊室512/401自科库 129排1列6层/ [索取号:P642.22/S191] | 在馆 |